[Event "FRA-ch U18 Girls"]
[Site "Le Grand Bornand"]
[Date "2007.04.14"]
[Round "8"]
[White "Ezanno, Morgane"]
[Black "Bismuth, Lea"]
[Result "1-0"]
[WhiteElo "1914"]
[BlackElo "1944"]
[PlyCount "53"]
[EventDate "2007.04.07"]
[EventType "swiss"]
[EventRounds "9"]
[EventCountry "FRA"]
[SourceTitle "CBM 118 Extra"]
[Source "ChessBase"]
[SourceDate "2007.07.04"]
[SourceVersion "1"]
[SourceVersionDate "2007.07.04"]
[SourceQuality "1"]

1. e4 d5 2. exd5 Qxd5 3. Nc3 Qd6 4. d4 Nf6 5. g3 a6 6. Bg2 Nc6 7. d5 Na7 8. Bf4 e5 9. dxe6 Qxe6+ 10. Nge2 c6 11. 0-0 Qd7 12. Re1 b5 13. Nd4+ Be7 14. Qe2 Ng8 15. Rad1 Qb7 16. Bd6 h5 17. Bxe7 Qxe7 18. Qxe7+ Nxe7 19. Nxc6 Be6 20. Nxe7 Kxe7 21. Bxa8 Rxa8 22. Nd5+ Kf8 23. Nc7 Rc8 24. Nxe6+ fxe6 25. Rxe6 Kf7 26. Rxa6 Nc6 27. Rd7+ 1-0